00423nam a2200157Ia 4500008004100000041000800041082001600049100002100065245003600086260004000122300001600162365001200178650002700190650003000217700001800247210719s1997 xx 000 0 und d aeng a820.33 DEBS aDEBI (Ashapurna) aSubarnalata Tr by Gopa Majumdar aChennaibMacmillan India Ltd.c1997 av---213bPB b140cRs aIndian English Fiction aIndian English Literature aGopa Majumdar